000 00473cam a22001217a 4500
008 180718b1971 xxu||||| |||| 00| 0 eng d
082 _aT393 Un3c
100 _aRobson, Peter
245 _aCurrent problems of economic integration: fiscal compensation and the disribution of benefits in economic groupings of developing countries
_cby Peter Robson
260 _aNew York
_bUnited Nations
_c1971
300 _a39+p
700 _aUnited Nations Conference on Trade and Development
999 _c498004
_d498004